Çıkmaz / (Record no. 200468057)

MARC details
000 -LEADER
fixed length control field 01012cam a2200325 4500
001 - CONTROL NUMBER
control field 200468057
003 - CONTROL NUMBER IDENTIFIER
control field TR-AnTOB
005 - DATE AND TIME OF LATEST TRANSACTION
control field 20260413140539.0
007 - PHYSICAL DESCRIPTION FIXED FIELD--GENERAL INFORMATION
fixed length control field ta
008 - FIXED-LENGTH DATA ELEMENTS--GENERAL INFORMATION
fixed length control field 030307s2024 tu 000 f tur d
020 ## - INTERNATIONAL STANDARD BOOK NUMBER
International Standard Book Number 9786256029378
040 ## - CATALOGING SOURCE
Original cataloging agency TR-AnTOB
Language of cataloging eng
Description conventions rda
Transcribing agency TR-AnTOB
041 0# - LANGUAGE CODE
Language code of text/sound track or separate title Türkçe
Language code of original eng
050 0# - LIBRARY OF CONGRESS CALL NUMBER
Classification number PR6103.A847
090 ## - LOCALLY ASSIGNED LC-TYPE CALL NUMBER (OCLC); LOCAL CALL NUMBER (RLIN)
Classification number (OCLC) (R) ; Classification number, CALL (RLIN) (NR) PR6103.A847
Local cutter number (OCLC) ; Book number/undivided call number, CALL (RLIN) C56 2024
100 1# - MAIN ENTRY--PERSONAL NAME
Personal name Casey, Jane
Fuller form of name (Jane E.)
9 (RLIN) 153575
Relator term author
240 ## - UNIFORM TITLE
Uniform title The close
245 10 - TITLE STATEMENT
Title Çıkmaz /
Statement of responsibility, etc. Jane Casey ; çeviren Aslı Dağlı ; editör Elif Nihan Akbaş.
264 #1 - PRODUCTION, PUBLICATION, DISTRIBUTION, MANUFACTURE, AND COPYRIGHT NOTICE
Place of production, publication, distribution, manufacture İstanbul :
Name of producer, publisher, distributor, manufacturer Olimpos Yayınları,
Date of production, publication, distribution, manufacture, or copyright notice 2024.
300 ## - PHYSICAL DESCRIPTION
Extent 456 pages ;
Dimensions 21 cm
336 ## - CONTENT TYPE
Content type term text
Content type code txt
Source rdacontent
337 ## - MEDIA TYPE
Media type term unmediated
Media type code n
Source rdamedia
338 ## - CARRIER TYPE
Carrier type term volume
Carrier type code nc
Source rdacarrier
500 ## - GENERAL NOTE
General note Maeve Kerrigan serisinin 10. kitabıdır.
650 #7 - SUBJECT ADDED ENTRY--TOPICAL TERM
Topical term or geographic name entry element İngiliz romanı
Source of heading or term etuturkob
9 (RLIN) 6057
700 1# - ADDED ENTRY--PERSONAL NAME
Personal name Dağlı, Aslı
9 (RLIN) 128049
Relator term translator
Personal name Akbaş, Elif Nihan
9 (RLIN) 153577
Relator term editor
942 ## - ADDED ENTRY ELEMENTS (KOHA)
Source of classification or shelving scheme Library of Congress Classification
Koha item type Book
Holdings
Withdrawn status Lost status Source of classification or shelving scheme Not for loan Collection code Home library Current library Shelving location Date acquired Source of acquisition Inventory number Total Checkouts Full call number Date last seen Copy number Date shelved Koha item type
    Library of Congress Classification Ödünç verilemez-İşlemde / Not for loan-In process Genel Koleksiyon Merkez Kütüphane Merkez Kütüphane Genel Koleksiyon / Main Collection 18/03/2026 Bağış / Donation TDE   PR6103.A847 C56 2024 13/04/2026 1 13/04/2026 Book
Devinim Yazılım Eğitim Danışmanlık tarafından Koha'nın orjinal sürümü uyarlanarak geliştirilip kurulmuştur.